| 000 | 02091nam0a2200397 i 4500 | ||
|---|---|---|---|
| 001 | RU\NLR\BIBL_A\011002849 | ||
| 005 | 20240921195328.0 | ||
| 010 |
_a9785939292658 _91000 |
||
| 021 |
_aRU _b2013-16571a _9663aa |
||
| 035 | _a(NILC)RuMoRGB-008141289 | ||
| 035 | _a(NLR Aleph) 011002849 | ||
| 090 |
_a10975540 _c10975540 |
||
| 100 | _a20160226d2015 u y0rusy50 ca | ||
| 101 | 0 | _arus | |
| 102 | _aRU | ||
| 105 | _ay|||e|||000 | ||
| 200 | 1 |
_aСловарь-справочник терминов и понятий в области госпитальной эпидемиологии _fЛ. П. Зуева, Б.И. Асланов, А.Е. Гончаров [и др.] _gГос. бюджетное образовательное учреждение высш. проф. образования "Северо-Западный гос. мед. ун-т им. И. И. Мечникова" М-ва здравоохранения Российской Федерации |
|
| 210 |
_aСанкт-Петербург _cФОЛИАНТ _d2015 |
||
| 215 |
_a230, [1] с. _d21 |
||
| 300 | _aНа обл. авт. не указаны | ||
| 320 | _aБиблиогр. в конце кн. | ||
| 606 | 1 |
_aВнутрибольничные инфекции _jТерминологические словари _xЭпидемиологический надзор _92581774 _3RU\NLR\AUTH\661526187 |
|
| 610 | 0 | _aтерминология медицинская | |
| 610 | 0 | _aгоспитальная эпидемиология | |
| 675 | _a61 | ||
| 686 | 1 | _aР190.159я212 | |
| 701 | 1 |
_7ca _8rus _aЗуева _bЛ. П. _f1939- _gЛюдмила Павловна _9158286 _3RU\NLR\AUTH\770158327 |
|
| 701 | 1 |
_aАсланов _bБ. И. _gБатырбек Исмелович |
|
| 701 | 1 |
_7ca _8rus _aГончаров _bА. Е. _cд-р мед. наук _gАртемий Евгеньевич _9164658 _3RU\NLR\AUTH\770164702 |
|
| 801 | 0 |
_aRU _bРГБ _c20160210 _gRCR |
|
| 801 | 1 |
_aRU _bРГБ _c20160210 _2rusmarc |
|
| 942 | _cBOOK | ||
| 980 | _aNBR | ||